| 000 | 00735nam a2200217Ia 4500 | ||
|---|---|---|---|
| 003 | GCL | ||
| 008 | 140319s9999 xx 000 0 eng d | ||
| 020 | _a0679725687 | ||
| 040 |
_aGCL / _cGCL |
||
| 082 | 0 | 4 |
_a355.0217 _bB D |
| 100 | 1 | _aBUNDY, MC GEORGE | |
| 245 | 1 | 0 |
_aDANGER AND SURVIVAL : _bCHOICES ABOUT THE BOMB IN THE FIRST FIFTY YEARS / _cBUNDY, MC GEORGE |
| 260 |
_aنيويورك : _bVINTAGE BOOKS ، _c1990 |
||
| 300 |
_a21 CM ؛ _cX11, 735 P |
||
| 650 | 0 | 4 | _aNUCLEAR WEAPONS |
| 650 | 0 | 4 | _aUNITED STATES - MILITARY POLICY |
| 650 | 0 | 4 | _aUNITED STATES - POLITICS AND GOVERNMENT - 1933 - 1945 |
| 650 | 0 | 4 | _aUNITED STATES - POLITICS AND GOVERNMENT - 1945 |
| 650 | 0 | 4 | _aARMS RACE - HISTORY - 20 TH CENTURY |
| 942 |
_2ddc _cBK |
||
| 999 |
_c4421 _d4421 |
||